00419nam a2200121 a 4500008004100000050001500041100003200056245005400088246009200142260003200234300002200266350000900288120416s1957 ||||||||||||||||| || u aTN 260 Kry aKrynine, Dimitri Pavlovitch10aPrinciples of engineering geology and geotechnics ageology, soil and rock mechanics, and other earth sciences as used in civil engineering aNew YorkbMcGraw-Hillc1957 axiii, 730p. : ill a0.00